Obálka Náhled e-knihy:
PDF Epub
Pro půjčování e-knih musíte být přihlášeni.
Jak si půjčit online?

Zápisky z Rosewoodu. Navždy princezna /

Další osudy princezny Ellie, její dvojnice Lottie a princeznina osobního strážce Jamieho.

Uloženo v:
Série:Zápisky z Rosewoodu, část 5
Hlavní autor: Glynn, Connie, 1994- (Autor)
Další autoři: Kubešová, Pavla, 1969- (Autor)
Médium: E-kniha
Jazyk:Czech
Vydáno: Praha : Fragment, 2022
Vydání:1. vydání
Témata:
Příbuzné jednotky:Přeloženo z: Rosewood chronicles
Z cyklu:: Zápisky z Rosewoodu
Tagy:
Žádné tagy
LEADER 02459nam a2200505 i 4500
001 311725
003 CZ PrSKC
005 20260601215710.0
007 ta
008 221109s2022 xr d 000 f cze
015 |a cnb003471127 
020 |a 9788025361580  |q (vázáno) 
035 |a (OCoLC)1357140972 
040 |a ABG001  |b cze  |e rda 
041 1 |a cze  |h eng 
072 7 |a 821.111-3  |x Anglická próza, anglicky psaná  |2 Konspekt 
072 7 |a 821-93  |x Literatura pro děti a mládež (beletrie)  |2 Konspekt 
080 |a 821.111-31  |2 MRF 
080 |a 821-93  |2 MRF 
080 |a (0:82-31)  |2 MRF 
100 1 |a Glynn, Connie,  |d 1994-  |7 osa2018995499  |4 aut 
240 1 0 |a Princess ever after.  |l Česky 
245 1 0 |a Zápisky z Rosewoodu.  |p Navždy princezna /  |c Connie Glynnová ; z anglického originálu Rosewood chronicles - Princess ever after přeložila Pavla Kubešová 
246 3 0 |a Navždy princezna 
250 |a 1. vydání 
264 1 |a Praha :  |b Fragment,  |c 2022 
300 |a 258 stran ;  |c 22 cm 
336 |a text  |b txt  |2 rdacontent 
337 |a bez média  |b n  |2 rdamedia 
338 |a svazek  |b nc  |2 rdacarrier 
520 2 |a Další osudy princezny Ellie, její dvojnice Lottie a princeznina osobního strážce Jamieho.  |b Jamie přísahal, že bude princeznu vždycky chránit. Teď ale záhadně zmizel a do Rosewood Hall se vrátila pouze Lottie. Podaří se trojici přátel znovu setkat? Jakou cenu za to zaplatí? Koruna je v ohrožení a v sázce toho ještě nikdy nebylo víc. Nakladatelská anotace. Kráceno. 
521 8 |a Pro čtenářky od 13 let 
655 7 |a anglické romány  |7 fd131814  |2 czenas 
655 7 |a publikace pro mládež  |7 fd133157  |2 czenas 
655 9 |a English fiction  |2 eczenas 
655 9 |a juvenile literature  |2 eczenas 
700 1 |a Kubešová, Pavla,  |d 1969-  |7 xx0039531  |4 trl 
765 0 |t Rosewood chronicles 
787 0 8 |i Z cyklu:  |t Zápisky z Rosewoodu  |g 5 
900 |a ABA001  |b 20 
928 9 |a Albatros Media - Fragment 
044 |a xr 
910 |a RBIT002 
998 |d 362680  |a https://core.palmknihy.cz/api/books/362680/cover?si7vlo  |b https://core.palmknihy.cz/api/books/362680/cover/400?si7vlo  |c https://core.palmknihy.cz/api/books/362680/cover/50?si7vlo  |e 2027-02-16  |g 264  |i 9788025361580  |j https://core.palmknihy.cz/api/books/362680/preview.epub  |k https://core.palmknihy.cz/api/books/362680/preview.pdf  |l   |q 49  |r 1  |s https://www.palmknihy.cz/kniha/362680  |t ebook  |y 2022  |z 0  |v Zápisky z Rosewoodu  |w 5 
999 |d 311723